Využitie cloudových aplikácií v spolupráci s databázovým systémom bakalárska práca

Guardado en:
Detalles Bibliográficos
Autor principal: Ondrejička, Adam
Autor Corporativo: Fakulta hospodárskej informatiky EU. Katedra aplikovanej informatiky
Otros Autores: Kultan, Jaroslav, 1960-
Formato: Libro
Lenguaje:eslovaco
Publicado: Bratislava 2021
Etiquetas: Agregar Etiqueta
Sin Etiquetas, Sea el primero en etiquetar este registro!

MARC

LEADER 00000nbm a2200000 4500
001 0276219
005 20220317105511.5
041 0 |a slo 
044 |a SK 
245 1 0 |a Využitie cloudových aplikácií v spolupráci s databázovým systémom  |b bakalárska práca  |c Adam Ondrejička ; školiteľ: Jaroslav Kultan 
264 1 |a Bratislava  |c 2021 
300 |a 72 s. 
100 1 |a Ondrejička, Adam 
700 1 |a Kultan, Jaroslav, 1960- 
710 2 |a Fakulta hospodárskej informatiky EU. Katedra aplikovanej informatiky